| 000 | 00930nam a2200277 4500 | ||
|---|---|---|---|
| 001 | 0000021840 | ||
| 003 | CO-CtgCURN | ||
| 005 | 20250331191038.0 | ||
| 007 | ta | ||
| 008 | 160627s2003 000 0 eng d | ||
| 020 | _a9589144756 | ||
| 040 |
_aCO-CtgCURN _bspa _ccoctgcurn |
||
| 082 | 0 |
_a759.9861 _bF178 |
|
| 100 | 1 | _aFajardo de Rueda, Marta. | |
| 245 | 1 | 0 |
_aJesus María Zamora : _bdiscipulo de la naturaleza / _cMarta Fajardo de Rueda. |
| 260 |
_aBogotá : _bBancafe, _c2003. |
||
| 300 | _a205 p. | ||
| 336 | _2rdacontent | ||
| 337 |
_2rdamedia _asin mediacion _bn |
||
| 338 |
_2rdacarrier _avolumen _bnc |
||
| 505 | 8 | _aJesus María Zamora: discipulo de la naturaleza.--La pintura de paisaje en Colombia.--El legado de Zamora.--Cronología | |
| 650 | 1 | 4 | _aPintura colombiana. |
| 908 | _a160627 | ||
| 942 |
_cBK _h759.9861 _iF178 _2ddc |
||
| 999 |
_c25605 _d25605 |
||